Normal view
MARC view
- IT-INSIDE AND OUTSIDE
Entry Topical Term
001 - CONTROL NUMBER
- control field: 62445
003 - CONTROL NUMBER IDENTIFIER
- control field: NUST
005 - DATE AND TIME OF LATEST TRANSACTION
- control field: 20210628202935.0
008 - FIXED-LENGTH DATA ELEMENTS
- fixed length control field: 210628|| aca||aabn | a|a d
040 ## - CATALOGING SOURCE
- Original cataloging agency: NUST
- Transcribing agency: NUST
150 ## - HEADING--TOPICAL TERM
- Topical term or geographic name entry element: IT-INSIDE AND OUTSIDE
670 ## - SOURCE DATA FOUND
- Source citation: Work cat.: (NUST): Cyganski, David Orr, John A Vaz, Richard F 62444, Information technology, inside and outside, 2002
